Teresa de Jesús, 1582-1982 (Record no. 89838)

MARC details
000 -LEADER
campo de control de longitud fija 00663nam a2200205 i 4500
001 - NÚMERO DE CONTROL
campo de control 89838
003 - IDENTIFICADOR DE NÚMERO DE CONTROL
campo de control ES-MaACL
005 - FECHA Y HORA DE LA ÚLTIMA TRANSACCIÓN
campo de control 20230906180301.0
007 - CAMPO FIJO DE DESCRIPCIÓN FÍSICA--INFORMACIÓN GENERAL
campo de control de longitud fija t|
008 - DATOS DE LONGITUD FIJA--INFORMACIÓN GENERAL
campo de control de longitud fija 050114s1981 sp ||||1| spa d
100 1# - ENTRADA PRINCIPAL--NOMBRE DE PERSONA
Nombre de persona Lauzeral, Pierre.
9 (RLIN) 70674
245 10 - MENCIÓN DEL TÍTULO
Título Teresa de Jesús, 1582-1982
Resto del título : álbum del 4º Centenario 1582-1982 /
Mención de responsabilidad, etc. P. Lauzeral, M. Kieffer, G. Demonchy.
260 ## - PUBLICACIÓN, DISTRIBUCIÓN, ETC.
Lugar de publicación, distribución, etc. [Madrid] :
Nombre del editor, distribuidor, etc. Paulinas,
Fecha de publicación, distribución, etc. [1981]
300 ## - DESCRIPCIÓN FÍSICA
Extensión 90 p., 1 lám. :
Otras características físicas il. ;
Dimensiones 24 cm.
600 00 - PUNTO DE ACCESO ADICIONAL DE MATERIA--NOMBRE DE PERSONA
Nombre de persona Teresa de Jesús,
Títulos y otros términos asociados al nombre Santa,
Fechas asociadas al nombre 1515-1582
9 (RLIN) 226510
700 1# - ENTRADA AGREGADA--NOMBRE PERSONAL
Nombre de persona Kieffer, M.
9 (RLIN) 68009
700 1# - ENTRADA AGREGADA--NOMBRE PERSONAL
Nombre de persona Demonchy, G.
9 (RLIN) 43662
852 ## - LOCALIZACIÓN
Ubicación ES-MaACL
Número de control de estantería L-1350
Sublocalización o colección R.102032
Holdings
Estatus retirado Estado de pérdida Estado de daño No para préstamo Biblioteca de origen Biblioteca actual Ubicación en estantería Fecha de adquisición Fuente de adquisición Total de préstamos Signatura topográfica completa Código de barras Visto por última vez Precio de reemplazo Tipo de ítem Koha
        Biblioteca del Ateneo de Madrid Biblioteca del Ateneo de Madrid Depósito 2 17/01/2008     L-1350 1093820 23/02/2023 23/02/2023 Libro impreso